| 000 | 00784nam a2200241 a 4500 | ||
|---|---|---|---|
| 001 | 20406 | ||
| 003 | BD-RjUL | ||
| 005 | 20211209000548.0 | ||
| 008 | 140227s1952 enk b 001 0 eng d | ||
| 035 | _a(BD-RjUL)20468 | ||
| 040 |
_aKTS _cKTS _dBD-RjUL _beng |
||
| 041 | _aeng | ||
| 082 | 0 | 0 |
_a201.6 _bGRP 1952 |
| 100 | 1 |
_aGrensted, L. W. _q(Laurence William), _d1884-1964 _962924 |
|
| 245 | 1 | 4 |
_aThe psychology of religion / _cL.W. Grensted. |
| 260 |
_aLondon : _bOxford University Press, _c1952. |
||
| 300 |
_avi, 181 p. ; _c19 cm. |
||
| 490 | 1 | _aHome university library of modern knowledge | |
| 504 | _aIncludes bibliographical references and index. | ||
| 650 | 0 |
_aPsychology, Religious. _962925 |
|
| 830 | 0 |
_aHome university library of modern knowledge _962930 |
|
| 942 |
_2ddc _cBK |
||
| 999 |
_c20406 _d20406 |
||